[Event "Stuttgarter Stadtmeisterschaft 2010 A"]
[Site "Ditzingen"]
[Date "2010.05.14"]
[Round "4.49"]
[White "Braun, Rüdiger-Thomas"]
[Black "Rempeli, Alex"]
[Result "1/2-1/2"]
[WhiteElo "1988"]
[BlackElo "1807"]
[PlyCount "92"]
[EventDate "2010.??.??"]
[WhiteTeam "SF Birkenfeld"]
[BlackTeam "SF Deizisau"]

1. e4 e6 2. d4 d5 3. Nd2 Nf6 4. e5 Nfd7 5. Bd3 c5 6. c3 Nc6 7. Ne2 cxd4 8. cxd4
f6 9. Nf4 Nxd4 10. Qh5+ Ke7 11. exf6+ Nxf6 12. Ng6+ hxg6 13. Qxh8 Kf7 14. Qh4
e5 15. Nf3 Nxf3+ 16. gxf3 Bf5 17. Bxf5 gxf5 18. Bg5 Rc8 19. O-O Rc4 20. Qh3 Qd7
21. Rac1 Rxc1 22. Rxc1 b6 23. Bxf6 Kxf6 24. Qf1 Bc5 25. a3 a5 26. Qa6 Qe6 27.
Qb7 Qf7 28. Qc6+ Kg5 29. Kg2 Kh5 30. Rg1 Qg6+ 31. Qxg6+ Kxg6 32. Kf1+ Kf6 33.
Ke2 g5 34. a4 Bd4 35. b3 Bc5 36. Rg2 e4 37. h3 Be7 38. fxe4 fxe4 39. f3 Ke5 40.
fxe4 dxe4 41. Rg4 Kd4 42. Rg3 Bf6 43. Kd2 Be5 44. Rg4 Bf6 45. Ke2 Be7 46. Rg3
Ke5 1/2-1/2

[Event "Stuttgarter Stadtmeisterschaft 2010 A"]
[Site "Ditzingen"]
[Date "2010.05.14"]
[Round "4.53"]
[White "Schäfer, Daniela"]
[Black "Klaus, Daniel"]
[Result "1-0"]
[WhiteElo "1917"]
[BlackElo "1985"]
[PlyCount "63"]
[EventDate "2010.??.??"]
[WhiteTeam "SF Deizisau"]
[BlackTeam "SF Möglingen 1976"]

1. d4 d5 2. c4 c6 3. Nf3 Nf6 4. Qc2 e6 5. g3 Bd6 6. Bg2 Nbd7 7. O-O O-O 8. Nbd2
Re8 9. e4 dxe4 10. Nxe4 Nxe4 11. Qxe4 e5 12. Ng5 Nf6 13. Qd3 exd4 14. Qxd4 Qc7
15. Be3 Bf5 16. Rad1 Be5 17. Qd2 Rad8 18. Qc1 Bd3 19. Rfe1 Qa5 20. Nf3 Bb8 21.
a3 Be4 22. Rxd8 Rxd8 23. Rd1 Rxd1+ 24. Qxd1 c5 25. Bg5 Bc6 26. Bxf6 gxf6 27.
Nh4 Bxg2 28. Qg4+ Kf8 29. Qc8+ Kg7 30. Nf5+ Kg6 31. Ne7+ Kh6 32. Qf8+ 1-0

[Event "Stuttgarter Stadtmeisterschaft 2010 A"]
[Site "Ditzingen"]
[Date "2010.05.14"]
[Round "4.34"]
[White "Imhof, Thomas"]
[Black "Marquardt, Patrick"]
[Result "1/2-1/2"]
[WhiteElo "2094"]
[BlackElo "1979"]
[PlyCount "109"]
[EventDate "2010.??.??"]
[WhiteTeam "SGem Vaihingen-Rohr"]
[BlackTeam "SG Donautal Tuttlingen"]

1. e4 c5 2. Nf3 e6 3. d4 cxd4 4. Nxd4 a6 5. Nc3 Qc7 6. Be2 Nc6 7. O-O Nf6 8.
Be3 Be7 9. f4 d6 10. a4 O-O 11. Nb3 b6 12. Bf3 Bb7 13. g4 Rad8 14. g5 Nd7 15.
f5 Nce5 16. Bg2 Rfe8 17. fxe6 fxe6 18. Nd4 Bf8 19. Bh3 Qc4 20. Qd2 Rc8 21. Nce2
Bxe4 22. Bxe6+ Rxe6 23. b3 Qc7 24. Nxe6 Qb7 25. Nxf8 Rxc2 26. Nxd7 Qxd7 27. Qe1
Qg4+ 28. Qg3 Qxg3+ 29. hxg3 Rxe2 30. Bf2 Nf3+ 31. Kg2 Nd2+ 32. Kg1 Nxf1 33.
Kxf1 Rb2 34. Bxb6 Rxb3 35. Bf2 Kf7 36. Rd1 d5 37. Rc1 Ra3 38. Rc7+ Kg6 39. Bd4
Kxg5 40. Rxg7+ Bg6 41. Rd7 Rxa4 42. Rxd5+ Kg4 43. Be5 Kf3 44. Ke1 Ra2 45. Bc7
Ke3 46. Bf4+ Ke4 47. Rc5 a5 48. Kd1 Ra1+ 49. Rc1 Rxc1+ 50. Kxc1 h5 51. Bc7 a4
52. Kb2 Be8 53. Ka3 Kf3 54. Bb8 Kg4 55. Bc7 1/2-1/2

[Event "Stuttgarter Stadtmeisterschaft 2010 A"]
[Site "Ditzingen"]
[Date "2010.05.14"]
[Round "4.25"]
[White "Roth, Stefan"]
[Black "Kabisch, Thilo"]
[Result "0-1"]
[WhiteElo "2034"]
[BlackElo "2311"]
[PlyCount "68"]
[EventDate "2010.??.??"]
[WhiteTeam "SG Kaiserslautern 1905"]

1. d4 Nf6 2. c4 g6 3. Nc3 Bg7 4. e4 d6 5. Be2 O-O 6. f4 c5 7. d5 e6 8. Nf3 exd5
9. cxd5 Bg4 10. h3 Bxf3 11. Bxf3 Nbd7 12. O-O Re8 13. g4 h6 14. Be3 b5 15. e5
dxe5 16. Nxb5 Qb8 17. Be2 a6 18. Na3 exf4 19. Bxf4 Qxb2 20. Nc2 Ne4 21. Bc4 Nc3
22. Qd3 Re2 23. Bb3 c4 24. Qxc4 Rxc2 25. Bxc2 Qxc2 26. Rae1 g5 27. Qc6 Ra7 28.
Re8+ Kh7 29. Bd6 Bd4+ 30. Kh1 Nf6 31. Bb8 Nxe8 32. Bxa7 Qe4+ 33. Kh2 Be5+ 34.
Kg1 Ne2+ 0-1

[Event "Stuttgarter Stadtmeisterschaft 2010 A"]
[Site "Ditzingen"]
[Date "2010.05.14"]
[Round "4.35"]
[White "Tominski, Norbert"]
[Black "Reichert, Matthias"]
[Result "1/2-1/2"]
[WhiteElo "1921"]
[BlackElo "2092"]
[PlyCount "44"]
[EventDate "2010.??.??"]
[WhiteTeam "VfR-SC Koblenz"]
[BlackTeam "SG Schwäb.Gmünd 1872 e.V"]

1. d4 Nf6 2. Nf3 g6 3. c4 Bg7 4. Nc3 O-O 5. e4 d6 6. Be2 e5 7. dxe5 dxe5 8. Bg5
c6 9. h3 Qe7 10. O-O Na6 11. a3 Nc5 12. b4 Ne6 13. Be3 Rd8 14. Qc2 Nd4 15. Qb2
Ne8 16. Rad1 Be6 17. Ng5 Nd6 18. Nxe6 Qxe6 19. c5 Nc4 20. Qa2 Nxe3 21. Qxe6
Nxe6 22. fxe3 Bh6 1/2-1/2

[Event "Stuttgarter Stadtmeisterschaft 2010 A"]
[Site "Ditzingen"]
[Date "2010.05.14"]
[Round "4.33"]
[White "Gibicar, Danijel"]
[Black "Donchenko, Alexander"]
[Result "0-1"]
[WhiteElo "1965"]
[BlackElo "2094"]
[PlyCount "104"]
[EventDate "2010.??.??"]
[WhiteTeam "SK Bebenhausen 1992"]
[BlackTeam "SK 1858 Gießen"]

1. d4 Nf6 2. c4 e6 3. g3 d5 4. Bg2 b6 5. Nf3 Bb7 6. O-O Be7 7. Nbd2 O-O 8. cxd5
exd5 9. b3 a5 10. Ne5 Nbd7 11. Ndf3 Nxe5 12. Nxe5 Bd6 13. Bg5 Re8 14. Ng4 Be7
15. Bxf6 Bxf6 16. Nxf6+ Qxf6 17. e3 Qd6 18. Qd2 Qb4 19. Qc2 c6 20. Rfd1 a4 21.
Rab1 axb3 22. Qxb3 Qxb3 23. Rxb3 b5 24. Rb2 Ra3 25. Rc1 Rea8 26. Rcc2 Rd3 27.
Rd2 Rxd2 28. Rxd2 Ra3 29. Rc2 Kf8 30. Kf1 Ke7 31. e4 Kd7 32. exd5 cxd5 33. Ke2
Kd6 34. Kd2 f6 35. Bf1 Bc6 36. Rb2 Ke6 37. Bxb5 Bxb5 38. Rxb5 Rxa2+ 39. Ke3
Ra3+ 40. Kd2 g5 41. Rc5 h5 42. h3 h4 43. gxh4 gxh4 44. Rc3 Ra2+ 45. Ke3 Kf5 46.
Kf3 Rd2 47. Ke3 Ra2 48. Rd3 Ra1 49. Kf3 Rb1 50. Ke3 Rh1 51. Ke2 Ke4 52. Kd2
Rd1+ 0-1

[Event "Stuttgarter Stadtmeisterschaft 2010 A"]
[Site "Ditzingen"]
[Date "2010.05.14"]
[Round "4.26"]
[White "Zimmermann, Ulrich"]
[Black "Montigel, Philipp"]
[Result "0-1"]
[WhiteElo "2022"]
[BlackElo "2162"]
[PlyCount "64"]
[EventDate "2010.??.??"]
[WhiteTeam "SK Bebenhausen 1992"]
[BlackTeam "SV Stuttgart-Wolfbusch 1956 e.V."]

1. d4 f5 2. e4 fxe4 3. Nc3 Nf6 4. Bg5 Nc6 5. d5 Ne5 6. Qe2 c6 7. Bxf6 gxf6 8.
O-O-O Bg7 9. Qxe4 O-O 10. f4 f5 11. Qe1 Ng4 12. Bc4 Kh8 13. h3 Nf6 14. Nf3 b5
15. Bb3 b4 16. Ne2 cxd5 17. Ng5 e6 18. Qh4 h6 19. g4 Kg8 20. gxf5 hxg5 21. fxg5
Ne4 22. f6 Nxf6 23. g6 Ba6 24. Nf4 Nh5 25. Qxh5 Rxf4 26. Bxd5 Qf6 27. Bxa8
Qxb2+ 28. Kd2 Qc3+ 29. Kc1 Qa3+ 30. Kd2 Rf2+ 31. Ke1 Qe3+ 32. Qe2 Qxe2# 0-1

[Event "Stuttgarter Stadtmeisterschaft 2010 A"]
[Site "Ditzingen"]
[Date "2010.05.14"]
[Round "4.20"]
[White "Geigle, Bruno"]
[Black "Arounopoulos, Stephan"]
[Result "1/2-1/2"]
[WhiteElo "1981"]
[BlackElo "2141"]
[PlyCount "60"]
[EventDate "2010.??.??"]
[WhiteTeam "SK Lauffen"]
[BlackTeam "SK e4 Gerlingen"]

1. e4 e6 2. d4 d5 3. Nc3 Bb4 4. e5 c5 5. Qg4 Ne7 6. dxc5 Bxc3+ 7. bxc3 O-O 8.
Bd3 f5 9. exf6 Rxf6 10. Bg5 Rf7 11. Nf3 e5 12. Bxh7+ Kxh7 13. Qh4+ Kg8 14. Nxe5
Qa5 15. O-O Nbc6 16. Nxf7 Kxf7 17. Bxe7 Nxe7 18. Qh5+ Kf8 19. Rae1 Bd7 20. Re3
Be8 21. Qh8+ Ng8 22. Rfe1 Bf7 23. Rg3 g6 24. h4 Qa4 25. h5 Qh4 26. Qe5 Qxh5 27.
Qc7 Re8 28. Rxe8+ Kxe8 29. Re3+ Kf8 30. Rf3 g5 1/2-1/2

[Event "Stuttgarter Stadtmeisterschaft 2010 A"]
[Site "Ditzingen"]
[Date "2010.05.14"]
[Round "4.15"]
[White "Aring, Gerd"]
[Black "Scherer, Holger"]
[Result "1-0"]
[WhiteElo "2190"]
[BlackElo "2082"]
[PlyCount "43"]
[EventDate "2010.??.??"]
[WhiteTeam "SV Nürtingen 1920"]
[BlackTeam "SK Lauffen"]

1. d4 Nf6 2. c4 g6 3. Nc3 Bg7 4. e4 d6 5. Nge2 O-O 6. Ng3 c6 7. Be2 e5 8. d5 c5
9. h4 h5 10. Bg5 Nbd7 11. Bxh5 gxh5 12. Nxh5 Qb6 13. Nxg7 Kxg7 14. Qd2 Rh8 15.
Bxf6+ Nxf6 16. Qg5+ Kh7 17. Qxf6 Qxb2 18. Qxf7+ Kh6 19. Qf6+ Kh7 20. Qe7+ Kg8
21. Qg5+ Kf7 22. Qc1 1-0

[Event "Stuttgarter Stadtmeisterschaft 2010 A"]
[Site "Ditzingen"]
[Date "2010.05.14"]
[Round "4.22"]
[White "Stein, Carsten"]
[Black "Muth, Roland"]
[Result "1-0"]
[WhiteElo "1977"]
[BlackElo "2125"]
[PlyCount "57"]
[EventDate "2010.??.??"]
[WhiteTeam "SK Wernau"]
[BlackTeam "Sabt SpVgg Rommelshausen"]

1. d4 Nf6 2. Nf3 e6 3. Bg5 Be7 4. Nbd2 b6 5. e4 h6 6. Bh4 Bb7 7. Bd3 d6 8. c3
Nbd7 9. Rc1 e5 10. Qe2 O-O 11. O-O Re8 12. dxe5 Nxe5 13. Nxe5 dxe5 14. Nc4 Nd7
15. Bg3 Bf6 16. Rcd1 Qe7 17. Ne3 Nc5 18. Nf5 Qf8 19. Bc2 g6 20. Nh4 Rad8 21.
Nf3 Qe7 22. b4 Nd7 23. Ba4 Kg7 24. Rd2 a6 25. Rfd1 b5 26. Bb3 c5 27. c4 bxc4
28. Ba4 c3 29. Rxd7 1-0

[Event "Stuttgarter Stadtmeisterschaft 2010 A"]
[Site "Ditzingen"]
[Date "2010.05.14"]
[Round "4.40"]
[White "Weiler, Dieter"]
[Black "Stitterich, Nadine"]
[Result "1/2-1/2"]
[WhiteElo "2202"]
[BlackElo "1974"]
[PlyCount "109"]
[EventDate "2010.??.??"]
[BlackTeam "SV Stuttgart-Wolfbusch 1956 e.V."]

1. d4 d5 2. Nf3 c6 3. e3 Bf5 4. c4 e6 5. Nc3 Nf6 6. Nh4 Bg6 7. Nxg6 hxg6 8. Qb3
Qb6 9. Bd2 Nbd7 10. Be2 Be7 11. O-O O-O 12. Qxb6 axb6 13. a3 dxc4 14. Bxc4 b5
15. Bd3 Nb6 16. Ne4 Nfd5 17. Rac1 Na4 18. Rc2 b4 19. axb4 Bxb4 20. Bc4 Bxd2 21.
Rxd2 Nb4 22. Bb3 Nb6 23. Nc5 Ra7 24. Rfd1 Rfa8 25. Kf1 N6d5 26. e4 Nf6 27. f3
Kf8 28. Ke2 Ke7 29. Ke3 Rh8 30. g3 g5 31. Rh1 Rh3 32. Rc1 g4 33. Rc4 Na6 34.
Ra4 gxf3 35. Kxf3 Rh8 36. Nxa6 Rxa6 37. Rxa6 bxa6 38. Bc4 a5 39. b3 Nd7 40. Ra2
Ra8 41. Ke3 c5 42. dxc5 Nxc5 43. b4 Nb7 44. Bb5 Nd6 45. Bd3 a4 46. Ra3 Nc8 47.
Kd4 Kd6 48. e5+ Kc7 49. Be4 Ra7 50. Rc3+ Kd8 51. Ra3 Kc7 52. Kc5 Nb6 53. Bc6
Nc4 54. Kxc4 Kxc6 55. b5+ 1/2-1/2

[Event "Stuttgarter Stadtmeisterschaft 2010 A"]
[Site "Ditzingen"]
[Date "2010.05.14"]
[Round "4.1"]
[White "Zeller, Frank"]
[Black "Ikonnikov, Viacheslav"]
[Result "0-1"]
[WhiteElo "2420"]
[BlackElo "2558"]
[PlyCount "80"]
[EventDate "2010.??.??"]

1. Nf3 Nf6 2. c4 e6 3. g3 a6 4. b3 b5 5. Bg2 Bb7 6. O-O c5 7. d3 Be7 8. Bb2 O-O
9. e4 d6 10. Nc3 b4 11. Ne2 Nc6 12. Qc2 Nd7 13. d4 cxd4 14. Nfxd4 Nxd4 15. Nxd4
Qb6 16. Rfd1 Bf6 17. a3 bxa3 18. Rxa3 Rac8 19. Bc3 Nc5 20. Ba5 Qa7 21. b4 Nd7
22. Nb3 Be7 23. Rc1 Qa8 24. Qe2 Rfe8 25. Nd2 Bf8 26. Rac3 g6 27. Qe3 Bg7 28.
R3c2 d5 29. c5 Ne5 30. h3 Nc6 31. exd5 exd5 32. Qd3 d4 33. Qf1 d3 34. Rc4 Re2
35. Rd1 Ne5 36. Rf4 Bh6 37. Nc4 Bxf4 38. Nb6 Bxg2 39. Qxg2 Nf3+ 40. Kh1 Qe4 0-1

[Event "Stuttgarter Stadtmeisterschaft 2010 A"]
[Site "Ditzingen"]
[Date "2010.05.14"]
[Round "4.2"]
[White "Teske, Henrik"]
[Black "Wiley, Tom E"]
[Result "1/2-1/2"]
[WhiteElo "2553"]
[BlackElo "2281"]
[PlyCount "146"]
[EventDate "2010.??.??"]

1. Nf3 Nf6 2. c4 e6 3. Nc3 d5 4. d4 Be7 5. g3 O-O 6. Bg2 dxc4 7. Ne5 Nc6 8.
Bxc6 bxc6 9. O-O c5 10. dxc5 Bxc5 11. Nxc4 Qxd1 12. Rxd1 Ba6 13. b3 Bxc4 14.
bxc4 Rfd8 15. Bf4 c6 16. Na4 Be7 17. f3 Kf8 18. Kf2 Ke8 19. g4 Nd7 20. g5 Nb6
21. Nb2 Rxd1 22. Rxd1 Rd8 23. Rd3 Bc5+ 24. Be3 Rxd3 25. exd3 Bxe3+ 26. Kxe3 e5
27. d4 exd4+ 28. Kxd4 Nd7 29. Nd3 Ke7 30. c5 Ke6 31. Nb4 Nb8 32. Ke4 f6 33. f4
fxg5 34. fxg5 Nd7 35. Nd3 h6 36. h4 hxg5 37. hxg5 Ke7 38. Kf5 Kf7 39. a3 a6 40.
Ke4 Ke6 41. Nf4+ Kf7 42. Kd4 Ke7 43. Kc4 a5 44. Kd4 Kf7 45. Nd3 Ke6 46. Ke4 Kf7
47. Kf5 Ke7 48. Kf4 Ke6 49. Ke4 Kf7 50. a4 Ke6 51. Nf4+ Ke7 52. Kd4 Kf7 53. Nd3
Ke6 54. Ke4 Ke7 55. Kf5 Kf7 56. Kf4 Ke6 57. Ke4 Ke7 58. Kd4 Ke6 59. Nc1 Ne5 60.
Ke4 Nf7 61. g6 Ne5 62. Nb3 Nxg6 63. Nxa5 Kd7 64. Nc4 Kc7 65. Nd6 Nf8 66. Kd4
Ne6+ 67. Kc4 Kb8 68. Ne4 g5 69. Nf6 Ka7 70. Ng4 Ka6 71. Kb4 Nxc5 72. Kxc5 Ka5
73. Kxc6 Kxa4 1/2-1/2

[Event "Stuttgarter Stadtmeisterschaft 2010 A"]
[Site "Ditzingen"]
[Date "2010.05.14"]
[Round "4.3"]
[White "Holzhäuer, Mathias"]
[Black "Gutman, Lev"]
[Result "1/2-1/2"]
[WhiteElo "2284"]
[BlackElo "2454"]
[PlyCount "38"]
[EventDate "2010.??.??"]

1. e4 c5 2. Nc3 d6 3. f4 g6 4. Nf3 Bg7 5. Bb5+ Bd7 6. Bc4 Nc6 7. d3 a6 8. a3 b5
9. Ba2 e6 10. O-O Nge7 11. Qe1 h6 12. Qg3 Nd4 13. Nxd4 cxd4 14. Ne2 Nc6 15. c3
dxc3 16. bxc3 b4 17. axb4 Nxb4 18. Bb1 Nc6 19. f5 Be5 1/2-1/2

[Event "Stuttgarter Stadtmeisterschaft 2010 A"]
[Site "Ditzingen"]
[Date "2010.05.14"]
[Round "4.4"]
[White "Nabavi, Parwis"]
[Black "Solodovnichenko, Yuri"]
[Result "0-1"]
[WhiteElo "2194"]
[BlackElo "2578"]
[PlyCount "82"]
[EventDate "2010.??.??"]

1. d4 g6 2. Nf3 Bg7 3. e3 Nf6 4. Be2 O-O 5. O-O d6 6. b3 Nbd7 7. Bb2 Re8 8. c4
e5 9. dxe5 Ng4 10. Nc3 dxe5 11. Qc2 e4 12. Nd4 Ngf6 13. Rfd1 c6 14. b4 Qc7 15.
a4 a5 16. Ba3 Qe5 17. bxa5 Nc5 18. Bxc5 Qxc5 19. Nb3 Qe5 20. Rd4 Bg4 21. Rb1 h5
22. h3 Bf5 23. c5 h4 24. Rb4 Nd7 25. Nd1 Ra7 26. Nb2 Bf6 27. Nc4 Qc3 28. Qxc3
Bxc3 29. Nd6 Bxb4 30. Nxe8 Nxc5 31. Nd4 Bxa5 32. Nxf5 gxf5 33. Nd6 Bc7 34. Nxf5
Nxa4 35. Rc1 Be5 36. Bc4 b5 37. Bb3 Nc3 38. Kf1 c5 39. Nxh4 c4 40. Bd1 b4 41.
Nf5 b3 0-1

[Event "Stuttgarter Stadtmeisterschaft 2010 A"]
[Site "Ditzingen"]
[Date "2010.05.14"]
[Round "4.5"]
[White "Latzke, Boris Alexander"]
[Black "Lobzhanidze, Davit"]
[Result "1/2-1/2"]
[WhiteElo "2264"]
[BlackElo "2510"]
[PlyCount "120"]
[EventDate "2010.??.??"]

1. d4 Nf6 2. c4 e6 3. Nf3 Bb4+ 4. Nbd2 b6 5. a3 Bxd2+ 6. Bxd2 h6 7. e3 Bb7 8.
Bd3 d6 9. Bc3 Nbd7 10. O-O Ne4 11. Bxe4 Bxe4 12. Nd2 Bh7 13. e4 O-O 14. f4 e5
15. fxe5 dxe5 16. d5 Qg5 17. Qe2 Rac8 18. Rf3 c6 19. Bb4 Nc5 20. Bxc5 bxc5 21.
d6 Rcd8 22. Rd3 Qf6 23. Nb3 Rxd6 24. Nxc5 Rfd8 25. Rad1 Rxd3 26. Rxd3 Rxd3 27.
Qxd3 Qg5 28. h3 Bg6 29. b4 Kh7 30. Nd7 Qc1+ 31. Kh2 Qf4+ 32. Qg3 Bxe4 33. Nxe5
Qf5 34. Ng4 Qe6 35. Ne3 f5 36. Qc7 Qf6 37. Qxa7 Qe5+ 38. Kg1 f4 39. Ng4 Qa1+
40. Kh2 f3 41. Qe7 Bf5 42. gxf3 Qxa3 43. Kg3 Qc1 44. Qc5 Bd3 45. Qe3 Qc2 46.
Ne5 Bf5 47. Qd4 Qb1 48. Nxc6 Qf1 49. b5 Qxh3+ 50. Kf4 Bg6 51. Ke3 Qg3 52. Qf4
Qg1+ 53. Kd2 Qf2+ 54. Kc3 h5 55. Ne5 h4 56. Nxg6 Kxg6 57. Qg4+ Kf7 58. b6 Qxb6
59. Qxh4 Qe3+ 60. Kb4 Qxf3 1/2-1/2

[Event "Stuttgarter Stadtmeisterschaft 2010 A"]
[Site "Ditzingen"]
[Date "2010.05.14"]
[Round "4.8"]
[White "Dobosz, Henryk"]
[Black "Zhou, Syang"]
[Result "1-0"]
[WhiteElo "2375"]
[BlackElo "2206"]
[PlyCount "57"]
[EventDate "2010.??.??"]

1. d4 Nf6 2. c4 g6 3. Nc3 Bg7 4. e4 d6 5. h3 O-O 6. Be3 e5 7. d5 c6 8. Nf3 a6
9. Nd2 Ne8 10. c5 f5 11. cxd6 Nxd6 12. Nc4 Nxc4 13. Bxc4 Kh8 14. h4 Nd7 15.
dxc6 bxc6 16. h5 f4 17. hxg6 h6 18. Bd2 Qg5 19. Qh5 Qxg2 20. O-O-O Nf6 21. Qxe5
Ng4 22. Qg5 Qxf2 23. Rdf1 Qg2 24. Qc5 Bd7 25. Rfg1 Qf2 26. Qe7 Nh2 27. Nd1 Qd4
28. Bc3 Qxc4 29. Qxg7# 1-0

[Event "Stuttgarter Stadtmeisterschaft 2010 A"]
[Site "Ditzingen"]
[Date "2010.05.14"]
[Round "4.9"]
[White "Maisch, Julian"]
[Black "Gheng, Josef"]
[Result "0-1"]
[WhiteElo "1862"]
[BlackElo "2321"]
[PlyCount "80"]
[EventDate "2010.??.??"]

1. e4 e5 2. Nf3 d6 3. Nc3 Nf6 4. d3 Be7 5. Be2 c6 6. O-O O-O 7. Re1 Nbd7 8. h3
Ne8 9. d4 Nc7 10. dxe5 dxe5 11. Bc4 b5 12. Bb3 Na6 13. a3 Nac5 14. Ba2 a5 15.
Nb1 Qc7 16. Bg5 Nb6 17. Bxe7 Qxe7 18. Nbd2 Be6 19. Bxe6 Qxe6 20. Qe2 Qe7 21.
Qe3 Nbd7 22. c4 b4 23. a4 Nb6 24. b3 Rad8 25. Red1 Rd3 26. Qe2 Rfd8 27. Rab1
Qd6 28. Kf1 Nxb3 29. Rxb3 Rxb3 30. c5 Qd3 31. Nxe5 Qxe2+ 32. Kxe2 Nxa4 33. Nxb3
Nc3+ 34. Kf3 Rxd1 35. Nxa5 f6 36. Nexc6 Rd3+ 37. Kg4 Nxe4 38. Nxb4 Nxf2+ 39.
Kf5 Rd4 40. c6 Kf7 0-1

[Event "Stuttgarter Stadtmeisterschaft 2010 A"]
[Site "Ditzingen"]
[Date "2010.05.14"]
[Round "4.10"]
[White "Vuckovic, Aleksandar"]
[Black "Gabriel, Josef"]
[Result "1/2-1/2"]
[WhiteElo "2317"]
[BlackElo "2165"]
[PlyCount "85"]
[EventDate "2010.??.??"]

1. e4 g6 2. Nc3 d6 3. d4 c6 4. a4 a5 5. Bc4 e6 6. Nge2 Bg7 7. d5 cxd5 8. exd5
e5 9. O-O Ne7 10. Bb5+ Nd7 11. Ne4 Qc7 12. b3 f5 13. Ng5 Bf6 14. Ne6 Qb8 15. f4
Kf7 16. Bxd7 Bxd7 17. fxe5 dxe5 18. Ng5+ Kg7 19. c4 h6 20. Nf3 Re8 21. Qd2 f4
22. Bb2 Nf5 23. Rfe1 g5 24. h3 Qa7+ 25. Kh2 g4 26. Nxe5 Rxe5 27. Qxf4 Rae8 28.
Qxg4+ Kh7 29. Nf4 Rg8 30. Qf3 Nh4 31. Qf1 Qb8 32. Bxe5 Bxe5 33. g3 Nf5 34. Rxe5
Qxe5 35. Re1 Qb2+ 36. Re2 Qxb3 37. g4 Qg3+ 38. Kh1 Ne3 39. Qb1+ Kh8 40. Qb2+
Kh7 41. Qb1+ Kh8 42. Qb2+ Kh7 43. Qb1+ 1/2-1/2

[Event "Stuttgarter Stadtmeisterschaft 2010 A"]
[Site "Ditzingen"]
[Date "2010.05.14"]
[Round "4.11"]
[White "Donchenko, Anatoly"]
[Black "Melzner, Lukas"]
[Result "1-0"]
[WhiteElo "2395"]
[BlackElo "2122"]
[PlyCount "33"]
[EventDate "2010.??.??"]

1. Nf3 e6 2. c4 Nf6 3. g3 b6 4. Bg2 Bb7 5. d4 Be7 6. O-O O-O 7. Nc3 d5 8. cxd5
Nxd5 9. Nxd5 Bxd5 10. Qc2 Nd7 11. e4 Bb7 12. Rd1 f5 13. exf5 exf5 14. Bf4 Bd6
15. Qb3+ Kh8 16. Ng5 Bxg2 17. Ne6 1-0

[Event "Stuttgarter Stadtmeisterschaft 2010 A"]
[Site "Ditzingen"]
[Date "2010.05.14"]
[Round "4.12"]
[White "Stets, Dmitry"]
[Black "Aksenov, Pavel"]
[Result "1-0"]
[WhiteElo "2450"]
[BlackElo "2105"]
[PlyCount "63"]
[EventDate "2010.??.??"]

1. e4 e6 2. d3 d5 3. Nd2 g6 4. Ngf3 Bg7 5. g3 Ne7 6. Bg2 c5 7. O-O O-O 8. Re1
Nbc6 9. h4 b6 10. e5 Bb7 11. Nf1 h6 12. Bf4 Kh7 13. N3h2 d4 14. Ng4 Ng8 15. Qe2
Qe7 16. Nd2 Nb4 17. Ne4 Nd5 18. Bd2 Rab8 19. Bf3 f5 20. exf6 Ndxf6 21. Bf4 Nxe4
22. Bxe4 Bxe4 23. Qxe4 Rbe8 24. h5 Rf5 25. hxg6+ Kxg6 26. Ne5+ Bxe5 27. g4 Bxf4
28. gxf5+ Kg5 29. Kh1 exf5 30. Qg2+ Kf6 31. Rxe7 Nxe7 32. Re1 1-0

[Event "Stuttgarter Stadtmeisterschaft 2010 A"]
[Site "Ditzingen"]
[Date "2010.05.15"]
[Round "5.45"]
[White "Töws, Manuel"]
[Black "Zimmermann, Ulrich"]
[Result "0-1"]
[WhiteElo "1910"]
[BlackElo "2022"]
[PlyCount "106"]
[EventDate "2010.??.??"]
[WhiteTeam "BG Buchen"]
[BlackTeam "SK Bebenhausen 1992"]

1. e4 Nc6 2. d4 d5 3. e5 f6 4. f4 Bf5 5. Nf3 Nh6 6. Bb5 e6 7. O-O Qd7 8. Nc3 a6
9. Bd3 Be7 10. a3 O-O 11. h3 Bxd3 12. Qxd3 fxe5 13. fxe5 Nf5 14. Ne2 Na5 15.
Bd2 Nc4 16. Bc1 c5 17. b3 Na5 18. Bd2 Nc6 19. c3 Na5 20. g4 Nh4 21. Ng5 Ng6 22.
b4 Nb3 23. Rab1 Nxd2 24. Qxd2 Nh4 25. Kh1 h6 26. Nxe6 Qxe6 27. bxc5 Qg6 28. Ng3
Bg5 29. Qe2 Rxf1+ 30. Rxf1 Rf8 31. Rxf8+ Kxf8 32. Nf5 Nxf5 33. Qf3 Bd2 34. gxf5
Qg5 35. Qxd5 Qxf5 36. Qd8+ Kf7 37. Qd5+ Kg6 38. Kg2 Be3 39. Qf3 Qg5+ 40. Qg3
Qxg3+ 41. Kxg3 Bd2 42. Kf3 Kf5 43. Ke2 Bxc3 44. Kd3 Ba5 45. Kc4 g5 46. Kd5 Bc7
47. a4 h5 48. a5 g4 49. hxg4+ hxg4 50. c6 bxc6+ 51. Kxc6 Bxa5 52. Kd7 Bb4 53.
e6 Ke4 0-1

[Event "Stuttgarter Stadtmeisterschaft 2010 A"]
[Site "Ditzingen"]
[Date "2010.05.15"]
[Round "5.62"]
[White "Steinhart, Matthias"]
[Black "Paschmann, Stefan"]
[Result "1/2-1/2"]
[WhiteElo "1834"]
[BlackElo "1913"]
[PlyCount "103"]
[EventDate "2010.??.??"]
[WhiteTeam "Deutscher Blindenschachbund"]
[BlackTeam "Krefelder Schachklub Turm 1851 e"]

1. e4 c6 2. d4 d5 3. e5 c5 4. c4 e6 5. Nf3 Nc6 6. Nc3 dxc4 7. d5 exd5 8. Qxd5
Be6 9. Qe4 Nd4 10. Nxd4 cxd4 11. Ne2 Bb4+ 12. Kd1 Qb6 13. Nf4 O-O-O 14. Nxe6
Qxe6 15. Bg5 Be7 16. Bxe7 Nxe7 17. Bxc4 Qg6 18. Qxg6 Nxg6 19. Bxf7 Nxe5 20.
Be6+ Kb8 21. Kd2 Rhe8 22. Bb3 Ng4 23. f3 Ne3 24. g3 g5 25. h4 h6 26. hxg5 hxg5
27. Rh7 Rh8 28. Rah1 Rxh7 29. Rxh7 Nf1+ 30. Kd3 Nxg3 31. Rg7 Rf8 32. Rg8 Rxg8
33. Bxg8 Nf5 34. Ke4 Ne7 35. Bb3 Kc7 36. Kxd4 Kd6 37. Ke4 b6 38. Bf7 Nc6 39.
Kf5 Nd4+ 40. Ke4 Nc6 41. Bc4 a5 42. Be2 Ke6 43. Bc4+ Kd6 44. Bb5 Ne5 45. Ba4
Ke6 46. Bd1 Kd6 47. Bb3 Nc6 48. Bd1 Ne7 49. Kd4 Nf5+ 50. Ke4 Ng3+ 51. Kd4 Nf5+
52. Ke4 1/2-1/2

[Event "Stuttgarter Stadtmeisterschaft 2010 A"]
[Site "Ditzingen"]
[Date "2010.05.15"]
[Round "5.24"]
[White "Gehringer, Frank"]
[Black "Bräuner, Uwe"]
[Result "0-1"]
[WhiteElo "2039"]
[BlackElo "2122"]
[PlyCount "58"]
[EventDate "2010.??.??"]
[WhiteTeam "SC Leinfelden"]
[BlackTeam "Erfurter Schachklub"]

1. e4 c5 2. Nf3 Nc6 3. c3 e6 4. d4 d5 5. exd5 Qxd5 6. Be2 Nf6 7. O-O Be7 8. Re1
O-O 9. h3 a6 10. Be3 cxd4 11. cxd4 b5 12. Nc3 Qd6 13. a3 Bb7 14. Qd2 Nd5 15.
Ne4 Qd8 16. b4 f5 17. Nc5 Bxc5 18. dxc5 Qf6 19. Bg5 Qf7 20. Bf4 h6 21. Bd6 Rfe8
22. Bf1 Nf6 23. Ne5 Nxe5 24. Bxe5 Rad8 25. Qc3 Ne4 26. Qc1 Bc6 27. f3 Nd2 28.
Qc3 Qg6 29. Bd6 Nxf3+ 0-1

[Event "Stuttgarter Stadtmeisterschaft 2010 A"]
[Site "Ditzingen"]
[Date "2010.05.15"]
[Round "5.51"]
[White "Bissbort, Julian"]
[Black "Rudhart, Michael"]
[Result "1-0"]
[WhiteElo "2027"]
[BlackElo "1926"]
[PlyCount "47"]
[EventDate "2010.??.??"]
[WhiteTeam "Heilbronner SV"]
[BlackTeam "SC Feuerbach e. V."]

1. e4 c5 2. c3 d5 3. exd5 Qxd5 4. d4 Nc6 5. Nf3 Bg4 6. Be2 O-O-O 7. O-O cxd4 8.
cxd4 Bxf3 9. Bxf3 Qxd4 10. Qb3 e6 11. Be3 Qd7 12. Rd1 Bd6 13. Nc3 Qe7 14. Rac1
Bb8 15. Rxd8+ Qxd8 16. Nb5 Nge7 17. Bg5 h6 18. Bxe7 Qxe7 19. Qc2 Qd7 20. Rd1
Qe8 21. Nd4 Qe7 22. Nxc6 bxc6 23. Qxc6+ Qc7 24. Qa6+ 1-0